00433nam a22001457a 450000500170000000800410001702000240005804000130008208200180009510000200011324500910013325000120022426000390023630000120027520260223104830.0260223b |||||||| |||| 00| 0 eng d a9781719646918 (pbk) cPK-LaUMT a615.82bFUL-O aFulk, George D. aO'Sullivan & Schmitz's physical rehabilitation /cby Geprge D. Fulk and Kevin K. Chui a8th ed. aPhiladelphia :bF. A. Davis,c2024 a1337 p.